00591nam a22001817a 4500003000400000020001800004082001800022245004100040260003600081300001900117650007000136700001900206700001500225700001400240942001200254999001900266952012400285OSt a81-900397-0-9 a615.1bPUS/GL aGlimpses of Indian Ethnopharmacology aThiruvananthapurambTBGRIc1995 axxi, 420 Pages aproceedings of the first national conference on ethnopharmacology aPushpangadan P aNyman, Ulf aGeorge, V 2ddccBK c142885d142885 00102ddc40708GenaKAUCLVbKAUCLVcGENERALd2016-05-03l0o615.1 PUS/GLp807675r2016-05-03 00:00:00w2016-05-03yBK